LEADER 01093nam0 22002771i 450 001 UON00291210 005 20231205103922.253 100 $a20070328d1971 |0itac50 ba 101 $aspa 102 $aES 105 $a|||| 1|||| 200 1 $aCien libros españoles$epoesía y novela, 1968-1970$fGuillermo Díaz-Plaja 210 $a[Salamanca]$cAnaya$dc1971 215 $aXV, 413 p.$d19 cm. 410 1$1001UON00176459$12001 $aTemas y estudios$1210 $aSalamanca$cAnaya. 606 $aLetteratura spagnola$xSec. 20.$xStudi$3UONC056711$2FI 620 $aES$dSalamanca$3UONL000435 676 $a860.6$cLetteratura spagnola, 1900-1999$v21 700 1$aDIAZ-PLAJA$bGuillermo$3UONV121190$0412231 712 $aAnaya$3UONV268400$4650 801 $aIT$bSOL$c20251107$gRICA 899 $aSIBA - SISTEMA BIBLIOTECARIO DI ATENEO$2UONSI 912 $aUON00291210 950 $aSIBA - SISTEMA BIBLIOTECARIO DI ATENEO$dSI SPA III 1226 $eSI SP 5982 5 1226 996 $aCien libros españoles$91248595 997 $aUNIOR